000 00213 a2200097 4500
001 34981
100 _aRackhaw
245 _ajane's C 3, 1990-91
260 _aUK
_bJane Information Group
_c
090 _c23133
_d23133
942 _aNUST-CAE
_cM
_c14596
999 _c270054
_d270054